00458 a2200169 450000100060000002000240000604000220003010000190005224000270007124500220009830000110012036200090013165000150014094200070015595201090016299900170027163873 a857110834X (broch.) cAnchieta - Pituba aWhitrow, G. J.10aO que é tempo? lpor10aO que é tempo?  a207p. 0 a2005 4aCronologia cBK 00104070a91.1b91.1d2023-11-21l0o529 W623q WHI OQUp17471/PITr2023-11-21 18:32:19w2023-11-21yBK c63873d63873